CONMEBOL Copa América top 4 and host country - Statistics

General Stats
  • This quiz has been taken 496 times
    264 since last reset
  • The average score is 13 of 14
Answer Stats
Answer % Correct
Argentina
100%
Bolivia
99%
Brazil
99%
Chile
99%
Colombia
99%
Ecuador
98%
Peru
98%
Uruguay
98%
United States
97%
Venezuela
97%
Mexico
96%
Paraguay
96%
Canada
92%
Honduras
69%
No matching quizzes found
Score Distribution
Percent of People with Each Score
Percentile by Number Answered
Your Score History
You have not taken this quiz since the last reset